| 000 | 00883cab a2200289 4500 | ||
|---|---|---|---|
| 001 | ABS55424 | ||
| 008 | 090401t1996 xxu||||| |||| 00| 0 eng d | ||
| 035 | _a(Sirsi) u16332 | ||
| 041 | _aeng | ||
| 100 | _aDewar, I | ||
| 245 | 4 | _aThe value of leisure | |
| 260 | _c1996 | ||
| 350 | _a0 | ||
| 490 |
_aInstitute of Revenues Rating and Valuation Journal _v(4) May 1996, 110-111(2) |
||
| 520 | _aLooks at the issues to be considered when valuing leisure centres owned and managed by local authorities. | ||
| 650 | _aAPPRAISAL AND VALUATION MANUAL | ||
| 650 | _aASSET VALUATION | ||
| 650 | _aDEPRECIATED REPLACEMENT COST | ||
| 650 | _aLEISURE CENTRES | ||
| 650 | _aLOCAL AUTHORITIES | ||
| 650 | _aRICS APPRAISAL AND VALUATION MANUAL | ||
| 690 | _aLEISURE AND RECREATION | ||
| 690 | _aRATING AND VALUATION | ||
| 700 | _aRose, E | ||
| 942 | _n0 | ||
| 948 | _c04/03/1997 | ||
| 999 |
_c10740 _d10740 |
||